[Event "Kimry-ch"]
[Site "Kimry"]
[Date "2004.??.??"]
[Round "7"]
[White "Lashkov, Vladimir"]
[Black "Pajusov, Vladimir"]
[Result "0-1"]
[WhiteElo "2021"]
[BlackElo "2166"]
[PlyCount "84"]
[EventDate "2004.??.??"]
[EventType "swiss"]
[EventRounds "9"]
[EventCountry "RUS"]
[SourceTitle "EXT 2005"]
[Source "ChessBase"]
[SourceDate "2004.11.15"]
[SourceVersion "1"]
[SourceVersionDate "2004.11.15"]
[SourceQuality "1"]

1. f4 d6 2. d4 Bf5 3. e3 Nd7 4. Nf3 h6 5. Be2 Ngf6 6. 0-0 c5 7. c3 e6 8. Nbd2 Ne4 9. Qa4 a6 10. dxc5 Nexc5 11. Qd1 Nf6 12. Nd4 Bh7 13. b4 Nce4 14. Bb2 Be7 15. Qa4+ b5 16. Qd1 Rc8 17. a4 0-0 18. axb5 axb5 19. Bxb5 e5 20. Nc6 Rxc6 21. Bxc6 Qb6 22. Bxe4 Qxe3+ 23. Kh1 Nxe4 24. Nxe4 Bxe4 25. fxe5 Qg5 26. Qe2 d5 27. Qf2 Qh5 28. Kg1 f6 29. Qg3 f5 30. Ra7 Rf7 31. e6 Bc5+ 32. bxc5 Rxa7 33. Qb8+ Kh7 34. Qg3 Ra2 35. Qf2 Qe8 36. c4 Qb8 37. Rb1 Bxb1 38. e7 Be4 39. Qd4 Rxb2 40. Kf1 Qf4+ 41. Ke1 Qc1+ 42. Qd1 Qe3+ 0-1